00349nam a2200133Ia 4500008004100000020001500041041001200056082001600068100001600084245006200100260003000162300000800192650001500200221030s9999 xx 000 0 und d a8187336323 aEnglish a105.23bJos aP. C. Joshi 0aDominant`s Advanced Dictionary of Physicscby P. C. Joshi bDominant PubaIndiac1999 a277 aDictionary